书目信息 |
| 题名: |
Email900句典
|
|
| 作者: | 李展鸿 编著 | |
| 分册: | ||
| 出版信息: | 上海 上海外语教育出版社 2008.10 |
|
| 页数: | 225页 | |
| 开本: | 17cm | |
| 丛书名: | 英语900句典丛书 | |
| 单 册: | ||
| 中图分类: | H315 | |
| 科图分类: | ||
| 主题词: | 英文--电子邮件--写作 | |
| 电子资源: | ||
| ISBN: | 978-7-5446-0644-8 | |
| 000 | 01189nam 2200253 450 | |
| 001 | 0011138714 | |
| 005 | 20100528114020.87 | |
| 010 | @a978-7-5446-0644-8@dCNY28.00 | |
| 100 | @a20100515d2008 em y0chiy0110 ea | |
| 101 | 0 | @achi@aeng |
| 102 | @aCN@b310000 | |
| 105 | @aa z 000yy | |
| 200 | 1 | @aEmail900句典@AEmail900 ju dian@f李展鸿编著@Fli zhan hong bian zhu |
| 210 | @a上海@c上海外语教育出版社@d2008.10 | |
| 215 | @a225页@c图@d17cm | |
| 225 | 2 | @a英语900句典丛书 |
| 304 | @a责任者及责任方式:取自版权页 | |
| 330 | @a开始写邮件之前,问问你自己“我要写给谁?”对象在公司内部或外部,或是你要写信求职?这三种可能性与本书的三节对应。接下来,你就必须要问“写这封邮件的目的为何?”是要向潜在客户介绍产品或服务吗?可能你是要催收账款。又或许你是写给同事道谢或批评?有了《Email 900句典》,任何商务情景里,你都找得到可用的句子。把这本方便的参考书摆在案头,直接套用里面的常用句型,或是根据你当下的需求做些调整。别忘了要查阅每节末的邮件范例,看看这些句子该怎么整合进整封邮件,以及句子之间该怎么结合。 | |
| 410 | 0 | @12001 @a英语900句典丛书 |
| 606 | 0 | @a英文@x电子邮件@x写作 |
| 690 | @aH315@v4 | |
| 701 | 0 | @a李展鸿@Ali zhan hong@4编著 |
| 801 | 0 | @aCN@c20100515 |
| 905 | @dH315@eL3302@f3 | |
| Email900句典/李展鸿编著.-上海:上海外语教育出版社,2008.10 |
| 225页:图;17cm.-(英语900句典丛书) |
| ISBN 978-7-5446-0644-8:CNY28.00 |
| 开始写邮件之前,问问你自己“我要写给谁?”对象在公司内部或外部,或是你要写信求职?这三种可能性与本书的三节对应。接下来,你就必须要问“写这封邮件的目的为何?”是要向潜在客户介绍产品或服务吗?可能你是要催收账款。又或许你是写给同事道谢或批评?有了《Email 900句典》,任何商务情景里,你都找得到可用的句子。把这本方便的参考书摆在案头,直接套用里面的常用句型,或是根据你当下的需求做些调整。别忘了要查阅每节末的邮件范例,看看这些句子该怎么整合进整封邮件,以及句子之间该怎么结合。 |
| ● |
| 相关链接 |
|
|
|
正题名:Email900句典
索取号:H315/L3302
 
预约/预借
| 序号 | 登录号 | 条形码 | 馆藏地/架位号 | 状态 | 备注 |